| 000 | 00442cam a2200169 a 4500 | ||
|---|---|---|---|
| 020 | _a069721818X (case) | ||
| 020 | _a0697218198 (paper) | ||
| 040 | _cDLC | ||
| 082 | 0 | 0 | _a574 BRO 1996 A082 Or. |
| 100 | 1 | _aMader, Sylvia S. | |
| 245 | 1 | 0 | _aBiology / |
| 250 | _a5th ed. | ||
| 260 |
_aDubuque, IA : _bWm. C. Brown Publishers, _cc1996. |
||
| 300 |
_a1 v. (various pagings) : _bill. (some col.) ; _c29 cm. |
||
| 650 | 0 | _aBiology. | |
| 942 | _cEK | ||
| 999 |
_c15893 _d15893 |
||